महर्षि दयानंद राष्ट्रवाद के समर्थक / (Record no. 214084)

MARC details
000 -LEADER
fixed length control field 00833nam a22001937a 4500
005 - DATE AND TIME OF LATEST TRANSACTION
control field 20260113111621.0
010 ## - LCCN (DPL NO)
LC control number HIN-130783
020 ## - INTERNATIONAL STANDARD BOOK NUMBER
Terms of availability 650.00
International Standard Book Number 9789392325793
035 ## - SYSTEM CONTROL NUMBER
System control number HN-103129
037 ## - SOURCE OF ACQUISITION
Source of stock number/acquisition DBAD
082 ## - DEWEY DECIMAL CLASSIFICATION NUMBER
Classification number 238.33
100 ## - MAIN ENTRY--PERSONAL NAME
Personal name परिहार, आदेश
245 ## - TITLE STATEMENT
Title महर्षि दयानंद राष्ट्रवाद के समर्थक /
Statement of responsibility, etc आदेश परिहार
250 ## - EDITION STATEMENT
Edition statement प्रथम
260 ## - PUBLICATION, DISTRIBUTION, ETC. (IMPRINT)
Place of publication, distribution, etc नई दिल्ली
Name of publisher, distributor, etc अनुराग प्रकाशन
Date of publication, distribution, etc 2024
270 ## - ADDRESS
Address 4760-61,23 अंसारी रोड , दरियागंज ,
City नई दिल्ली
Postal code 110002
300 ## - PHYSICAL DESCRIPTION
Extent 200पृ.
Dimensions 22सेमी (सजिल्द)
942 ## - ADDED ENTRY ELEMENTS (KOHA)
Source of classification or shelving scheme Dewey Decimal Classification
Item type Hindi Books
Classification part 238.33
Call number suffix परिहा
Holdings
Withdrawn status Lost status Not for loan Collection code Home library Current library Date acquired Source of acquisition Cost, normal purchase price Full call number Barcode Copy number Cost, replacement price Koha item type
      Non-fiction Bawana Bawana 13/01/2026 DBAD 650.00 238.33 परिहा HN-103129 1 650.00 Hindi Books

© Delhi Public Library
Hit Counter
free hit counter